000 00506nmm a2200157Ia 4500
008 251105s9999||||xx |||||||||||||||||und||
020 _a9788431513832
041 _aspa
100 _ade Expertos Cocinova, Equipo
245 0 _aEl gran libro de las dietas y de las combinaciones alimentarias
264 _a[Madrid, España] :
_bDe Vecchi,
_c[Fecha de publicación no identificada]
300 _a0 páginas
650 _aFamily
856 _uhttps://public.digitaliapublishing.com/a/122537
942 _cCF
999 _c80936
_d80936